000 00792cab a2200229 4500
001 ABS45415
008 090401t1991 xxu||||| |||| 00| 0 eng d
035 _a(Sirsi) u52789
041 _aeng
245 _aWhat office?
260 _c1991
350 _a0
490 _aChartered Surveyor Weekly
_v37(8) 21 November 1991, 77-92(13)
520 _aA special feature on offices discusses the problem of an oversupply of office space and includes road test appraisal of Minster Court, Thomas More Square and La Lumiere. Concludes wih a discussion on the effect CAD has on office design and planning.
650 _aOFFICE PLANNING
650 _aOFFICE SPACE
650 _aOFFICES
650 _aROAD TEST
690 _aPROPERTY-COMMERCIAL PROPERTY
942 _n0
948 _c04/03/1997
999 _c32602
_d32602